• 首页
  • 本馆介绍
  • 公告通知
  • 最新文献
  • 馆藏检索
  • 电子资源
  • 读者导购
  • 参考咨询
  • 我的图书馆
  • 登录
  • 详细信息显示
  • 放入我的书架
  • 预约/预借图书
  • 作者相关作品
  • 分类相关作品
  • 丛书相关作品
  • 出版社相关作品

书目信息

  • 表格格式
  • 工作单格式
  • 卡片格式
题名:
日本钢铁分析技术
    
 
作者: 钢铁分析部 编 ;冶金部分析情报网 译 ;日本钢铁协会 , 共同研究会 编
分册: 第三、四册  
出版信息: 北京   冶金部分析情报网  1986
页数: 508页
开本: 19cm
丛书名:
单 册:
中图分类: TF701.3
科图分类:
主题词: 炼钢
电子资源:
ISBN:
000 00861nam0 2200229 450
001 0656641594
005 20060728163115.67
010    @dCNY1.00
100    @a20060721d1986 km y0chiy0120 ea
101 0  @achi
102    @aCN@b110000
200 1  @a日本钢铁分析技术@h第三、四册@Ari ben gang tie fen xi ji shu@f日本钢铁协会,共同研究会,钢铁分析部编@Fri ben gang tie xie hui,gong tong yan jiu hui,gang tie fen xi bu bian@g冶金部分析情报网译@Gye jin bu fen xi qing bao wang yi
210    @a北京@c冶金部分析情报网@d1986
215    @a508页@d19cm
606 0  @a炼钢
690    @aTF701.3@v3
701  0 @a钢铁分析部@Agang tie fen xi bu@4编
702  0 @a冶金部分析情报网@Aye jin bu fen xi qing bao wang@4译
711  0 @a日本钢铁协会@Ari ben gang tie xie hui@4编
711  0 @a共同研究会@Agong tong yan jiu hui@4编
801  0 @aCN@bPFT@c20060728
905    @dTF701.3@e9:3-4
    
    日本钢铁分析技术.第三、四册/日本钢铁协会,共同研究会,钢铁分析部编/冶金部分析情报网译.-北京:冶金部分析情报网,1986
    508页;19cm
    
    
    ISBN :CNY1.00
    
●
相关链接 在E读中查询图书 在五车中查询图书 在当当中查询图书 在豆瓣中查询图书


正题名:日本钢铁分析技术     索取号:TF701.3/9:3-4         预约/预借

序号 登录号 条形码 馆藏地/架位号 状态 备注
1 0424936   204249367   密集书库/ [索取号:TF701.3/9:3-4] 在馆    
唐山师范学院图书馆 欢迎您!
大连网信软件有限公司© 版权所有